Zdroje konkurenčnej výhody firmy v medzinárodnom podnikaní v 21. storočí bakalárska práca

Enregistré dans:
Détails bibliographiques
Auteur principal: Kubecová, Lucia
Collectivité auteur: Obchodná fakulta EU. Katedra medzinárodného obchodu
Autres auteurs: Škorvagová, Simona
Format: Livre
Langue:slovaque
Publié: Bratislava 2019
Tags: Ajouter un tag
Pas de tags, Soyez le premier à ajouter un tag!

MARC

LEADER 00000nbm a2200000 4500
001 0255705
005 20191018141157.2
041 0 |a slo 
044 |a SK 
245 1 0 |a Zdroje konkurenčnej výhody firmy v medzinárodnom podnikaní v 21. storočí  |b bakalárska práca  |c Lucia Kubecová ; školiteľ: Simona Škorvagová 
264 1 |a Bratislava  |c 2019 
300 |a 61 s. 
100 1 |a Kubecová, Lucia 
700 1 |a Škorvagová, Simona 
710 2 |a Obchodná fakulta EU. Katedra medzinárodného obchodu